000 002940000a22001450004500
003 MACL
040 _aMACL
090 _c32230
_d32228
100 _aBond, Ruskin
245 _aDelhi is not far
260 _bPenguin Books
_c1994
350 _a250
650 _aFiction
942 _cBOOK
_k823/Bon
999 _c31902
_d31902